000 00451nam a2200193Ia 4500
005 20240823042544.0
008 240823s9999||||xx |||||||||||||| ||und||
041 _aENGLISH
082 _A623
100 _aJewelcy Jawahar
245 0 _aTechnical Enlgish
250 _a1st
260 _bVRB Publishers Pv
_aChennai
500 _aTRANSFERED
650 _aEnglish
_bAerospace Engineering
700 _a Rathna P
942 _cBK
999 _c208147
_d208147